000 01063nam0a22003011 4500
001 RU\NLR\INFOCOMM_36\5000223157
005 20250613095603.0
035 _a(NLR Aleph) 009299329
090 _a9269086
_c9269086
100 _a20101014d1986 |||y0rusy50 ca
101 0 _aeng
102 _aRU
105 _ay ||||000|y
200 1 _aEver among the living
_ePoems about Lenin
_f[Comp. by N. Tsvetovaty
_gForew. by Ye. Isayev]
210 _aΜ.
_cRaduga
_d1986
215 _a206 с.
_d21 см
300 _aНа обороте тит. л.: Живее всех живыx
300 _aISBN 5-05-00645-7
600 1 _aЛенин
_bВ. И.
_xВ художественной литературе
_gВладимир Ильич
_f1870-1924
_2nlr_sh1
686 _aЛх200-30
_2rubbk
702 1 _9z03790
_aCvetovatyj
_bN. I.
_gNikolaj Iosifovič
_4220
702 1 _aLenin
_bV. I.
_f1870-1924
_gVladimir Il'ič
_4570
790 1 _9z03702
_aTsvetovaty
_bN.
_4220
801 1 _aRU
_bNLR
_c20101014
801 0 _aRU
_bNLR
_gPSBO
852 _aNLR
_jЛ41 Д-3/248
942 _cBOOK
980 _aNB